<?xml version="1.0" encoding="utf-8"?>
<?xml-stylesheet type='text/xsl' href='./oai2.xsl'?>
<OAI-PMH xmlns="http://www.openarchives.org/OAI/2.0/" xmlns:xsi="http://www.w3.org/2001/XMLSchema-instance" xsi:schemaLocation="http://www.openarchives.org/OAI/2.0/ http://www.openarchives.org/OAI/2.0/OAI-PMH.xsd">
  <responseDate>2026-06-07T15:50:28Z</responseDate>
  <request verb="GetRecord" metadataPrefix="marcxml" identifier="record_kuniweb_163931">https://kulturerbe.niedersachsen.de/oai</request>
  <GetRecord>
    <record>
      <header>
        <identifier>record_kuniweb_163931</identifier>
        <datestamp>2025-08-28T09:38:22Z</datestamp>
        <setSpec>slg0111</setSpec>
      </header>
      <metadata>
        <marc:record xmlns:marc="http://www.loc.gov/MARC21/slim" xsi:schemaLocation="http://www.loc.gov/MARC21/slim http://www.loc.gov/standards/marcxml/schema/MARC21slim.xsd">
          <marc:leader>12345nkm  22     uu 4500</marc:leader>
          <marc:controlfield tag="001">163931</marc:controlfield>
          <marc:controlfield tag="003">http://kuniweb.gbv.de</marc:controlfield>
          <marc:controlfield tag="005">2019-06-14T20:12:36</marc:controlfield>
          <marc:controlfield tag="008">|           ||||||||||||||||||||||</marc:controlfield>
          <marc:datafield tag="245" ind1="1" ind2="0">
            <marc:subfield code="a">Projekt zur Gipsfabrik 'Werk Entringen' der Gipser Genossenschaft in Stuttgart, 1911</marc:subfield>
          </marc:datafield>
          <marc:datafield tag="655" ind1=" " ind2="7">
            <marc:subfield code="a">Grafik</marc:subfield>
          </marc:datafield>
          <marc:datafield tag="046" ind1=" " ind2=" ">
            <marc:subfield code="k">1911-01-17</marc:subfield>
            <marc:subfield code="k">17.01.1911</marc:subfield>
          </marc:datafield>
          <marc:datafield tag="260" ind1=" " ind2=" ">
            <marc:subfield code="g">1911-01-17</marc:subfield>
            <marc:subfield code="g">17.01.1911</marc:subfield>
          </marc:datafield>
          <marc:datafield tag="520" ind1=" " ind2=" ">
            <marc:subfield code="a">Zeichnung - schwarz-weiß
Herstellungsort - Königshütte, Bad Lauterberg

Auftraggeber und Standort: 
Gipser Genossenschaft Stuttgart, Werk Entringen

Information:
Zum Auftrag sind zwei verschiedene Zeichnungen vorhanden, eine schwarz-weiß-Zeichnung und eine Blaupause.

Anmerkung:
Das Gipswerk Entringen gehörte zu den kleinen Gipswerken und lag zwischen den Ammertalgemeinden Entringen und Breitenholz (bei Tübingen. Es wurde 1910 in Betrieb genommen und in den 70er Jahren eingestellt. Die ehemalige Gipsgrube wird seitdem als Deponie genutzt und ist inzwischen weitgehend verfüllt. Das Gipswerk baute den im Gipskeuper vorkommenden Rohgips ab. Der Abbau erfolgte teilweise untertage; transportiert wurde der Rohgips mit Hilfe einer Werksbahn (Feldbahnspurweite 600 mm) zum Brennofen. Der fertige Gips wurde über ein etwa 1,5 km langes Feldbahngleis zum Bahnhof Breitenholz gebracht, woher auch die zum Heizen benötigte Kohle kam. Zwischen 1920 und 1950 hatten die Gebrüder Schüle Beteiligungen am Gipswerk Entringen erworben. Übrigens: 2017 ist die Feldbahn zum Gipswerk Entringen als Modellbahn nachgebaut worden und hat in einer Ausstellung den 3. Platz erreicht.
Quelle: u.a.
Gipswerk – Wikipedia
https://de.wikipedia.org/wiki/Gipswerk
sowie
Gipswerk mit Feldbahn, H0f - Kirnbachtaeler Modellbahn
https://www.kirnbachtaeler.de/modell/h0e/h0f/entr.html




 (Förderkreis Königshütte Bad Lauterberg e.V.)

Maßstab: 1 zu 100</marc:subfield>
          </marc:datafield>
          <marc:datafield tag="650" ind1="1" ind2=" ">
            <marc:subfield code="a">Gipsverarbeitung</marc:subfield>
          </marc:datafield>
          <marc:datafield tag="650" ind1="1" ind2=" ">
            <marc:subfield code="a">Grafik, Fotografie &gt; Zeichnung</marc:subfield>
          </marc:datafield>
          <marc:datafield tag="650" ind1="1" ind2=" ">
            <marc:subfield code="a">Industrie</marc:subfield>
          </marc:datafield>
          <marc:datafield tag="650" ind1="1" ind2=" ">
            <marc:subfield code="a">Entringen (Ammerbuch, Tübingen, Baden-Württemberg)</marc:subfield>
          </marc:datafield>
          <marc:datafield tag="773" ind1="0" ind2=" ">
            <marc:subfield code="t">Mühlen-, Gips- und sonstige Anlagen</marc:subfield>
          </marc:datafield>
          <marc:datafield tag="852" ind1=" " ind2=" ">
            <marc:subfield code="a">Industriedenkmal Königshütte Bad Lauterberg im Harz</marc:subfield>
          </marc:datafield>
          <marc:datafield tag="" ind1=" " ind2=" ">
            <marc:subfield code="a">Namensnennung - Nicht kommerziell - Keine Bearbeitungen 4.0 International (CC BY-NC-ND 4.0)</marc:subfield>
          </marc:datafield>
        </marc:record>
      </metadata>
    </record>
  </GetRecord>
</OAI-PMH>
